[Event "Moia op 7th"]
[Site "Moia"]
[Date "2018.10.26"]
[Round "6"]
[White "Balcells Soriguera, Teresa Helena"]
[Black "Barcons Gallach, Alfonso"]
[Result "0-1"]
[WhiteElo "1904"]
[BlackElo "1616"]
[PlyCount "80"]
[EventDate "2018.09.14"]
[EventType "swiss"]
[EventRounds "8"]
[EventCountry "ESP"]
[SourceTitle "CBM 189 Extra"]
[Source "ChessBase"]
[SourceDate "2019.06.03"]
[SourceVersion "1"]
[SourceVersionDate "2019.06.03"]
[SourceQuality "1"]

1. Nf3 Nf6 2. b3 d5 3. Bb2 e6 4. e3 a6 5. Be2 Bd6 6. 0-0 0-0 7. d4 c5 8. c4 dxc4 9. bxc4 Qc7 10. Nbd2 Nbd7 11. h3 Re8 12. Qc2 e5 13. d5 e4 14. Ne1 Be5 15. Rd1 Qd6 16. Nb3 b5 17. Bxe5 Rxe5 18. Na5 b4 19. Qb2 Re8 20. Nc2 Ne5 21. a3 bxa3 22. Qxa3 Bf5 23. Nb7 Qd7 24. Nxc5 Qc8 25. Kh2 Rd8 26. Qa5 Qb8 27. g3 Qc8 28. g4 Nfxg4+ 29. hxg4 Bxg4 30. Nd4 Bxe2 31. Nxe2 Nf3+ 32. Kg3 h5 33. Ne6 fxe6 34. Nf4 exd5 35. Nxh5 Qf5 36. Rxd5 Qg6+ 37. Kh3 Qe6+ 38. Kg3 Rf8 39. Nf4 Qe8 40. Rh1 Qc6 0-1

[Event "Roncana op-B 11th"]
[Site "Santa Eulalia de Roncana"]
[Date "2017.11.11"]
[Round "7.2"]
[White "Barcons Gallach, Alfonso"]
[Black "Nateras Jimenez, Alfonso"]
[Result "0-1"]
[WhiteElo "1583"]
[BlackElo "1730"]
[PlyCount "100"]
[EventDate "2017.09.23"]
[EventType "swiss"]
[EventRounds "8"]
[EventCountry "ESP"]
[SourceTitle "EXT 2024"]
[Source "ChessBase"]
[SourceDate "2023.10.10"]
[SourceVersion "1"]
[SourceVersionDate "2023.10.10"]
[SourceQuality "1"]

1. e4 e5 2. Nf3 Nc6 3. Bc4 d6 4. d4 exd4 5. Nxd4 Ne5 6. Bb3 Bg4 7. Qd2 Be7 8. 0-0 h6 9. Nc3 Nf6 10. f4 Ned7 11. Qf2 Nc5 12. e5 Nfe4 13. Nxe4 Nxe4 14. Qe3 d5 15. Ba4+ c6 16. Qe1 Bc5 17. Be3 0-0 18. Kh1 Qb6 19. h3 Bxd4 20. Bxd4 Qxd4 21. Bb3 Be2 22. c3 Qd3 23. Rg1 Qe3 24. Qh4 Ba6 25. Rae1 Qd2 26. c4 Nf2+ 27. Kh2 dxc4 28. Bd1 Nxd1 29. Rxd1 Qxb2 30. a4 b5 31. axb5 cxb5 32. Rd6 Bb7 33. Qg3 Kh7 34. Rd7 Bc8 35. Rc7 Be6 36. Rf1 Qc2 37. Qf3 Bf5 38. Rf2 Qe4 39. Qg3 a5 40. Rf1 a4 41. Re1 Qd5 42. Qe3 Ra6 43. Rc5 Qd7 44. Qa3 Re8 45. Qb4 Rg6 46. Rxb5 Qd4 47. Rf1 Qe4 48. Rf3 Rd8 49. Rc5 Rd3 50. Rxc4 Rxg2+ 0-1

[Event "Roncana op-A 10th"]
[Site "Santa Eulalia de Roncana"]
[Date "2016.11.12"]
[Round "7"]
[White "Barcons Gallach, Alfonso"]
[Black "Vegara Gallego, Pere"]
[Result "1/2-1/2"]
[WhiteElo "1894"]
[BlackElo "1631"]
[PlyCount "39"]
[EventDate "2016.09.24"]
[EventType "swiss"]
[EventRounds "8"]
[EventCountry "ESP"]
[SourceTitle "EXT 2018"]
[Source "ChessBase"]
[SourceDate "2017.10.13"]
[SourceVersion "1"]
[SourceVersionDate "2017.10.13"]
[SourceQuality "1"]

1. e4 e5 2. Nf3 Nc6 3. Bc4 Be7 4. Nc3 Nf6 5. 0-0 d6 6. d4 exd4 7. Nxd4 Bd7 8. Re1 Nxd4 9. Qxd4 0-0 10. Bg5 Bc6 11. Rad1 h6 12. Bd2 Re8 13. Qd3 Nd7 14. Qg3 Bh4 15. Qf4 Ne5 16. Bd5 Bg5 17. Qg3 Bh4 18. Qf4 Bg5 19. Qg3 Bh4 20. Qf4 1/2-1/2

[Event "Vall del Tenes op 5th"]
[Site "Vall del Tenes"]
[Date "2016.04.29"]
[Round "4"]
[White "Barcons Gallach, Alfonso"]
[Black "Castells Garriga, Pere"]
[Result "0-1"]
[WhiteElo "1865"]
[BlackElo "1678"]
[PlyCount "38"]
[EventDate "2016.04.08"]
[EventType "swiss"]
[EventRounds "8"]
[EventCountry "ESP"]
[SourceTitle "CBM 172 Extra"]
[Source "ChessBase"]
[SourceDate "2016.06.21"]
[SourceVersion "1"]
[SourceVersionDate "2016.06.21"]
[SourceQuality "1"]

1. e4 e5 2. Nf3 Nc6 3. Bc4 Nf6 4. d4 exd4 5. 0-0 Be7 6. e5 Ng4 7. Re1 d5 8. Bb5 0-0 9. Bxc6 bxc6 10. Nxd4 Bc5 11. f3 Nxh2 12. Kxh2 Qh4+ 13. Kg1 Bxd4+ 14. Be3 Bxe5 15. Kf1 Ba6+ 16. Re2 Qh1+ 17. Bg1 Bxe2+ 18. Kxe2 Qxg2+ 19. Bf2 Bxb2 0-1

[Event "Roncana op-B 9th"]
[Site "Santa Eulalia de Roncana"]
[Date "2015.11.21"]
[Round "7"]
[White "Carvajal Rodriguez, Juan"]
[Black "Barcons Gallach, Alfonso"]
[Result "0-1"]
[WhiteElo "1733"]
[BlackElo "1797"]
[PlyCount "114"]
[EventDate "2015.10.03"]
[EventType "swiss"]
[EventRounds "8"]
[EventCountry "ESP"]
[SourceTitle "EXT 2017"]
[Source "ChessBase"]
[SourceDate "2016.10.25"]
[SourceVersion "1"]
[SourceVersionDate "2016.10.25"]
[SourceQuality "1"]

1. e4 e5 2. Nf3 Nc6 3. Bc4 Bc5 4. d4 Bxd4 5. c3 Bb6 6. Qd5 Qf6 7. Bg5 Qe6 8. Qb5 Qg6 9. Qd5 Qe6 10. Qb5 Qg6 11. 0-0 d6 12. Rd1 Bd7 13. Nbd2 Nf6 14. Bb3 0-0 15. Bxf6 Qxf6 16. Nc4 Bg4 17. Rd3 Qg6 18. Kh1 a6 19. Qa4 Bc5 20. Na5 b5 21. Nxc6 bxa4 22. Ne7+ Kh8 23. Nxg6+ fxg6 24. Bd5 Rab8 25. b4 Bxf2 26. a3 Rf6 27. Ng5 Rbf8 28. h3 Be2 29. Rd2 Bb5 30. Rdd1 c6 31. Ba2 c5 32. Rd5 h6 33. Nf3 Bc6 34. Rd2 Be3 35. Rd3 Bf2 36. Rf1 Bxe4 37. Rd2 Bg3 38. Rfd1 Rxf3 39. gxf3 Bxf3+ 40. Kg1 Bxd1 41. Rxd1 e4 42. Bc4 e3 43. Kg2 Bf4 44. Kf3 g5 45. Re1 cxb4 46. cxb4 Rc8 47. Bxa6 Rc3 48. b5 Rxa3 49. b6 Rb3 50. b7 a3 51. Ke2 a2 52. Ra1 Rb2+ 53. Kd3 e2 54. Kc3 Be5+ 55. Kd3 Rxb7 56. Kd2 Bxa1 57. Bxb7 Be5 0-1

[Event "Roncana op-B 9th"]
[Site "Santa Eulalia de Roncana"]
[Date "2015.10.17"]
[Round "2"]
[White "Parra Ordorica, Gorka"]
[Black "Barcons Gallach, Alfonso"]
[Result "0-1"]
[WhiteElo "1874"]
[BlackElo "1797"]
[PlyCount "90"]
[EventDate "2015.10.03"]
[EventType "swiss"]
[EventRounds "8"]
[EventCountry "ESP"]
[SourceTitle "EXT 2017"]
[Source "ChessBase"]
[SourceDate "2016.10.25"]
[SourceVersion "1"]
[SourceVersionDate "2016.10.25"]
[SourceQuality "1"]

1. e4 e5 2. Nf3 Nc6 3. Bc4 Bc5 4. c3 Nf6 5. d4 exd4 6. cxd4 Bb4+ 7. Nc3 Bxc3+ 8. bxc3 0-0 9. Bg5 d6 10. 0-0 h6 11. Bxf6 Qxf6 12. h3 Qg6 13. Kh1 Qxe4 14. Re1 Qg6 15. Bd3 Qf6 16. Rb1 a6 17. Re3 Rb8 18. Qc2 Ne7 19. Rbe1 Ng6 20. Rb1 Bd7 21. Rbe1 Rfe8 22. Bxg6 fxg6 23. Rxe8+ Bxe8 24. Qe4 Bf7 25. a3 c6 26. Rb1 Bd5 27. Qe3 Bxf3 28. gxf3 Qf5 29. Qe4 Qxh3+ 30. Kg1 Qf5 31. Qe1 Kh7 32. Qe4 d5 33. Qxf5 gxf5 34. Kg2 g5 35. Kg3 Kg6 36. Kg2 b5 37. Re1 Kf6 38. f4 g4 39. Kg3 Rc8 40. Kh4 c5 41. Re2 cxd4 42. cxd4 Rc3 43. Re3 Rxe3 44. fxe3 a5 45. Kg3 b4 0-1

[Event "Vall del Tenes op 4th"]
[Site "Santa Eulalia de Roncana"]
[Date "2015.04.17"]
[Round "2"]
[White "Barcons Gallach, Alfonso"]
[Black "Valls Matheu, Albert"]
[Result "1-0"]
[WhiteElo "1759"]
[BlackElo "1665"]
[PlyCount "69"]
[EventDate "2015.04.10"]
[EventType "swiss"]
[EventRounds "8"]
[EventCountry "ESP"]
[SourceTitle "CBM 166 Extra"]
[Source "ChessBase"]
[SourceDate "2015.06.18"]
[SourceVersion "1"]
[SourceVersionDate "2015.06.18"]
[SourceQuality "1"]

1. e4 e5 2. Nf3 Nc6 3. Bc4 Bc5 4. c3 Nf6 5. d4 Bb6 6. Bg5 d6 7. 0-0 h6 8. Bh4 Bg4 9. d5 Na5 10. Qa4+ Bd7 11. Bb5 c6 12. dxc6 bxc6 13. Ba6 Qc7 14. Bxf6 c5 15. Bb5 Nc6 16. Bxg7 Rh7 17. Bf6 Nb8 18. Bxd7+ Nxd7 19. Bh4 Kf8 20. Nbd2 Qb7 21. Rad1 f6 22. Rfe1 Rd8 23. Nc4 Bc7 24. Nxd6 Qb8 25. Nc4 Re7 26. Qc6 Kf7 27. Rd2 Qc8 28. Nd6+ Bxd6 29. Qxd6 Re6 30. Qd5 Ke7 31. Qc4 Nb6 32. Rxd8 Qxd8 33. Qxc5+ Rd6 34. Nxe5 Nc8 35. Nc6+ 1-0